| 000 | 00560nam a2200181Ia 4500 | ||
|---|---|---|---|
| 003 | OSt | ||
| 005 | 20231122105753.0 | ||
| 008 | 230312s9999||||xx |||||||||||||| ||und|| | ||
| 020 | _a9780316505055 | ||
| 040 | _cabc | ||
| 082 |
_a720.922 _bROS-A |
||
| 100 | _aRossi:aldo | ||
| 245 | 0 |
_aArchitect : _bThe Pritzker price laureates in their own words, _cPeltason, Ruth A.; Peltason, Ruth A.; Ong-Yan, Grace; Thorne, Martha |
|
| 260 |
_aChina _bBlack dog & Leventhal Publishers _c2017 |
||
| 500 | _aIllustration Given. | ||
| 650 | _aArchitecture | ||
| 942 |
_cBK _2ddc |
||
| 999 |
_c14515 _d14515 |
||